| 000 | 00415nam a2200145 i 4500 | ||
|---|---|---|---|
| 001 | 61072 | ||
| 003 | ES-MaACL | ||
| 007 | t| | ||
| 008 | 031110s1982 sp ||||1| spa d | ||
| 245 | 0 | 0 |
_aEstado y clases en las sociedades antiguas / _cS.L. Utchenko ... [et al.]. |
| 260 |
_a[Madrid] : _bAkal, _c[1982] |
||
| 300 |
_a176 p. ; _c22 cm. |
||
| 700 | 1 |
_aUtchenko, S. L. _9112323 |
|
| 852 |
_aES-MaACL _jL-3854 _bR.104558 |
||
| 999 |
_c61072 _d61072 |
||